Public Administration and Public Affairs. (Record no. 349300)

000 -LEADER
fixed length control field 00421 a2200169 4500
020 ## - INTERNATIONAL STANDARD BOOK NUMBER
International Standard Book Number 9788120345539
024 ## - OTHER STANDARD IDENTIFIER
Standard number or code 9788120345539
082 ## - DEWEY DECIMAL CLASSIFICATION NUMBER
Classification number 350
090 ## - LOCALLY ASSIGNED LC-TYPE CALL NUMBER (OCLC); LOCAL CALL NUMBER (RLIN)
-- 6964
-- 6964
100 ## - MAIN ENTRY--PERSONAL NAME
Personal name Henry,Nicholas
245 ## - TITLE STATEMENT
Title Public Administration and Public Affairs.
Statement of responsibility, etc. Nicholas Henry
250 ## - EDITION STATEMENT
Edition statement 12th.
260 ## - PUBLICATION, DISTRIBUTION, ETC.
Place of publication, distribution, etc. New Delhi
Name of publisher, distributor, etc. PHI Learning.
Date of publication, distribution, etc. 2012
300 ## - PHYSICAL DESCRIPTION
Extent 482p.
500 ## - GENERAL NOTE
General note Paper cover
942 ## - ADDED ENTRY ELEMENTS (KOHA)
Institution code [OBSOLETE] NBS
Koha item type Book
Call number prefix 350 HEN
Holdings
Withdrawn status Lost status Damaged status Not for loan Permanent Location Current Location Date acquired Total Checkouts Full call number Barcode Date last seen Date last checked out Price effective from Koha item type
        Central Library (CL) Central Library (CL) 08/28/2013 5 350 HEN NBS8998 05/24/2019 02/01/2019 08/28/2013 Book
© 2023 Central Library, National University of Sciences and Technology. All Rights Reserved.